Not About Angels - Birdy (All Lyrics) - Statistics

General Stats
  • This quiz has been taken 45 times
  • The average score is 96 of 128
Answer Stats
Answer % Correct
it
92%
about
88%
angels
88%
Angels
88%
the
88%
We
88%
come
85%
give
85%
just
85%
make
85%
not
85%
So
85%
They
85%
they
85%
to
85%
full
81%
go
81%
is
81%
it's
81%
It's
81%
me
81%
special
81%
will
81%
you
81%
and
77%
Don't
77%
don't
77%
us
77%
what
77%
your
77%
Cause
73%
If
73%
if
73%
of
73%
time
73%
But
69%
Could
69%
heart
69%
that
69%
this
69%
know
65%
love
65%
oh
65%
touch
65%
up
65%
was
65%
How
62%
let
62%
unfair
62%
our
58%
out
58%
real
58%
something
58%
that's
58%
there's
58%
Would
58%
wrong
54%
dare
50%
line
50%
you'd
46%
dance
42%
Found
42%
luck
38%
whole
38%
world
38%
wide
35%
searched
27%
No matching quizzes found
Score Distribution
Percent of People with Each Score
Percentile by Number Answered
Your Score History
You have not taken this quiz